<?xml version="1.0" encoding="UTF-8"?>
<record
    xmlns:xsi="http://www.w3.org/2001/XMLSchema-instance"
    xsi:schemaLocation="http://www.loc.gov/MARC21/slim http://www.loc.gov/standards/marcxml/schema/MARC21slim.xsd"
    xmlns="http://www.loc.gov/MARC21/slim">

  <leader>02206nam a22002177a 4500</leader>
  <controlfield tag="003">OSt</controlfield>
  <controlfield tag="005">20231113112759.0</controlfield>
  <controlfield tag="008">200128b        xxu||||| |||| 00| 0 eng d</controlfield>
  <datafield tag="020" ind1=" " ind2=" ">
    <subfield code="a">9780803622647</subfield>
  </datafield>
  <datafield tag="040" ind1=" " ind2=" ">
    <subfield code="c">LC</subfield>
  </datafield>
  <datafield tag="050" ind1=" " ind2=" ">
    <subfield code="a">RT41.W56</subfield>
  </datafield>
  <datafield tag="100" ind1=" " ind2=" ">
    <subfield code="a">Wilkinson, Judith M.</subfield>
    <subfield code="9">2823</subfield>
  </datafield>
  <datafield tag="245" ind1=" " ind2=" ">
    <subfield code="a">Fundamentals of nursing: volume 1: theory, concepts, and applications. /</subfield>
    <subfield code="c">Judith M. Wilkinson and Leslie S. Treas.</subfield>
  </datafield>
  <datafield tag="250" ind1=" " ind2=" ">
    <subfield code="a">2nd ed.</subfield>
  </datafield>
  <datafield tag="260" ind1=" " ind2=" ">
    <subfield code="a">Philadelphia:</subfield>
    <subfield code="b">F. A. Davis ,</subfield>
    <subfield code="c">2011 .</subfield>
  </datafield>
  <datafield tag="300" ind1=" " ind2=" ">
    <subfield code="a">xlvii, 1130 p. :</subfield>
    <subfield code="b">ill. ;</subfield>
    <subfield code="c">29 cm.</subfield>
  </datafield>
  <datafield tag="500" ind1=" " ind2=" ">
    <subfield code="a">Includes index.</subfield>
  </datafield>
  <datafield tag="505" ind1=" " ind2=" ">
    <subfield code="a">Contents: Unit 1: How nurses think: Evolution of nursing thought and action -- Critical thinking and the nursing process -- Nursing process: assessment -- Nursing process: diagnosis -- Nursing process: planning outcomes -- Nursing process: planning interventions -- Nursing process: implementation and evaluation -- Nursing theory and research. Unit 2: Factors affecting health: Development across the life span --  Experiencing health and illness -- Psychosocial health and illness -- The family -- Culture and ethnicity -- Spirituality -- Loss, grief, and dying -- Unit 3: Essential nursing interventions: Documenting and reporting -- Measuring vital signs -- Communicating and therapeutic relationships -- Health assessment: performing a physical examination -- Promoting asepsis and preventing infection -- Promoting safety -- Facilitating hygiene -- Administering medications -- Teaching clients -- Unit 4: How nurses support physiological functioning: Stress and adaptation -- Nutrition -- Urinary elimination -- Bowel elimination -- Sensory perception -- Pain management -- Activity and exercise -- Sexual health -- Sleep and rest -- Skin integrity and wound healing -- Oxygenation -- Fluids, electrolytes, and acid-base balance -- Perioperative nursing -- Unit 5: Nursing functions: Leading and managing -- Nursing informatics -- Holistic healing -- Promoting health -- Unit 6: The context for nurses' work: Community nursing -- Nursing in home care -- Ethics and values -- Legal issues -- Healthcare in Canada (refer to the student resource disk or DavisPlus)</subfield>
  </datafield>
  <datafield tag="700" ind1=" " ind2=" ">
    <subfield code="a">Treas, Leslie S.</subfield>
    <subfield code="9">2824</subfield>
  </datafield>
  <datafield tag="942" ind1=" " ind2=" ">
    <subfield code="2">lcc</subfield>
    <subfield code="c">BK</subfield>
  </datafield>
  <datafield tag="999" ind1=" " ind2=" ">
    <subfield code="c">7014</subfield>
    <subfield code="d">14514</subfield>
  </datafield>
  <datafield tag="952" ind1=" " ind2=" ">
    <subfield code="0">0</subfield>
    <subfield code="1">0</subfield>
    <subfield code="2">lcc</subfield>
    <subfield code="4">0</subfield>
    <subfield code="7">0</subfield>
    <subfield code="a">WIUC-1</subfield>
    <subfield code="b">WIUC-1</subfield>
    <subfield code="c">NURS L.</subfield>
    <subfield code="d">2020-01-28</subfield>
    <subfield code="l">0</subfield>
    <subfield code="o">RT41.W56(2eVol.1)</subfield>
    <subfield code="p">NURS/656/005/20</subfield>
    <subfield code="r">2020-01-28 00:00:00</subfield>
    <subfield code="t">1</subfield>
    <subfield code="w">2020-01-28</subfield>
    <subfield code="y">BK</subfield>
  </datafield>
  <datafield tag="952" ind1=" " ind2=" ">
    <subfield code="0">0</subfield>
    <subfield code="1">0</subfield>
    <subfield code="2">lcc</subfield>
    <subfield code="4">0</subfield>
    <subfield code="7">0</subfield>
    <subfield code="a">WIUC-KL</subfield>
    <subfield code="b">WIUC-KL</subfield>
    <subfield code="c">NURS L.</subfield>
    <subfield code="d">2019-11-26</subfield>
    <subfield code="l">0</subfield>
    <subfield code="o">RT41.W56(2e)</subfield>
    <subfield code="p">KSN/759/759/19</subfield>
    <subfield code="r">2022-08-18 00:00:00</subfield>
    <subfield code="t">1</subfield>
    <subfield code="w">2020-01-28</subfield>
    <subfield code="y">BK</subfield>
  </datafield>
  <datafield tag="952" ind1=" " ind2=" ">
    <subfield code="0">0</subfield>
    <subfield code="1">0</subfield>
    <subfield code="2">lcc</subfield>
    <subfield code="4">0</subfield>
    <subfield code="7">0</subfield>
    <subfield code="a">WIUC-KL</subfield>
    <subfield code="b">WIUC-KL</subfield>
    <subfield code="c">NURS L.</subfield>
    <subfield code="d">2019-11-26</subfield>
    <subfield code="o">RT41.W561(2e)</subfield>
    <subfield code="p">KSN/780/780/19</subfield>
    <subfield code="r">2022-08-18 00:00:00</subfield>
    <subfield code="t">2</subfield>
    <subfield code="w">2020-01-28</subfield>
    <subfield code="y">BK</subfield>
  </datafield>
  <datafield tag="952" ind1=" " ind2=" ">
    <subfield code="0">0</subfield>
    <subfield code="1">0</subfield>
    <subfield code="2">lcc</subfield>
    <subfield code="4">0</subfield>
    <subfield code="7">0</subfield>
    <subfield code="a">WIUC-KL</subfield>
    <subfield code="b">WIUC-KL</subfield>
    <subfield code="c">NURS L.</subfield>
    <subfield code="d">2019-11-28</subfield>
    <subfield code="l">0</subfield>
    <subfield code="o">RT41.W562(2e)</subfield>
    <subfield code="p">KSN/836/836/19</subfield>
    <subfield code="r">2023-10-23 00:00:00</subfield>
    <subfield code="t">3</subfield>
    <subfield code="w">2020-01-28</subfield>
    <subfield code="y">BK</subfield>
  </datafield>
</record>
